Factions joignables dans Skyrim - Statistiques

Statistiques générales
  • Ce quiz a été pris 233 fois
  • Le résultat moyen est 6 sur 15
Statistiques - réponses
Factions joignables dans Skyrim % Correct
Guilde des Voleurs
83%
Les Compagnons
82%
Confrérie Noire
80%
Sombrages
71%
Garde de l'Aube
52%
Académie de Fortdhiver
48%
Académie des Bardes
46%
Lames
30%
Légion Impériale
28%
Rossignols
20%
Clan Volkihar
19%
Grisebarbes
10%
Maison Telvanni
3%
Assemblée de Namira
1%
Orques tribaux
1%
Aucun quiz correspondant
Distribution des résultats
% des personnes avec chaque résultat
Percentile par nombre de réponses
Votre historique - résultats
Vous n’avez pas pris ce quiz